| 000 | 00697nam a22002417a 4500 | ||
|---|---|---|---|
| 999 |
_c33214 _d33214 |
||
| 001 | 2263 | ||
| 003 | CO-MdFUSB | ||
| 005 | 20170719091154.0 | ||
| 008 | 170719t2000 xxu||||| |||| 00| 0 eng d | ||
| 020 | _a1-84227-061-3 | ||
| 040 |
_aCO-MdFUSB _bspa _cCO-MdFUSB _dCO-MdFUSBC _erda |
||
| 041 | 0 | _aeng | |
| 082 | 0 | 4 | _aG 221.48 J627i |
| 100 | 1 |
_aJobes, Karen H. _eautor |
|
| 245 | 0 |
_aInvitation to the Septuagint _c / Karen H. Jobes, Moisés Silva |
|
| 264 | 4 |
_aGrand Rapids, MI., USA : _b Baker, _c©2000 |
|
| 300 | _a351 Pag | ||
| 336 |
_2rdacontent _a1 _ba1 |
||
| 337 |
_2rdamedia _a2 _b5 |
||
| 338 |
_2rdacarrier _a2 _b5 |
||
| 653 | _aVersiones de la Biblia A.T Griego - Septuaginta | ||
| 942 | _cBK | ||